000 nam a22 a 4500
999 _c154797
_d154797
003 BLK
005 20220323093805.0
008 180410b bul|||||r ||||||| ||bul||
010 _aKNG00161438000
040 _aBLK
041 _aBUL
_cBUL
072 7 _2bullib
_aК
_xКраезнание
080 _aОбщи въпроси на селското стопанство
_b631
_x(497.2)
_z631(497.2)
100 1 _aЛиджи, Марко Леон
_eпърви автор
_9377231
139 _aЛиджи, Марко Леон и др.
_bЛ 55
245 1 0 _aСпециализация на селскостопанското производство в Русенски и Варненски окръг
_cМарко Леон Лиджи; съавт. Слободан Радослав Атич; ред. Боню Райчев.
257 _aBGR
260 _bБАН
_c1963
_aСофия
300 _a156 с., 1 л.
_bсх., 1 л. : табл.
_c25 см
380 _a63
500 _aИзд. на АСН. Инст. по икономика и организация на селското стопанство. - 500 тир.
650 4 _aСелско стопанство - България
_9269258
651 4 _aБългария
_9241624
651 4 _aРусе
_9179462
651 4 _aВарна
_9178690
653 _aселско стопанство
653 _aРусе
653 _aВарна
659 _aК
700 1 _aАтич, Слободан Радослав
_eсъавт.
_934759
700 1 _aРайчев, Боню
_eред.
_9332597
852 _aЦб 28063
_bЦб
852 _aК 63/Л 55 М
856 4 _qpdf
856 4 _qpdf
942 _cKNG
_n0
_s1
944 _aCR
_c30.05.2014
_l30.05.2014 - от С1,Р / 30.05.2014
_kВаля_Йорданова
944 _aED
_c04.06.2014
_l30.05.2014 - от С1,Р / 30.05.2014
999 _d154797
999 _d154797